| 000 | 02647cam a22004218i 4500 | ||
|---|---|---|---|
| 001 | 22230301 | ||
| 003 | CSPC | ||
| 005 | 20250806104018.0 | ||
| 008 | 210913s2022 nju 001 0 eng | ||
| 010 | _a 2021045226 | ||
| 020 |
_a9781119805373 _q(cloth : _qacid-free paper) |
||
| 035 | _a22230301 | ||
| 040 |
_aDLC _beng _erda _cDLC _dCSPC |
||
| 042 | _apcc | ||
| 050 | 0 | 0 |
_aHD69.P75 _bK47 2022 |
| 082 | 0 | 0 |
_a658.404 _bK479p _223 |
| 100 | 1 |
_aKerzner, Harold, _eauthor. |
|
| 245 | 1 | 0 |
_aProject management : _ba systems approach to planning, scheduling, and controlling / _cHarold Kerzner. |
| 250 | _aThirteenth edition. | ||
| 263 | _a2202 | ||
| 264 | 1 |
_aHoboken, New Jersey : _bJohn Wiley & Sons, Inc., _c2022. |
|
| 300 |
_axxiii, 854 pages : _billustrations ; _c24 cm. |
||
| 336 |
_atext _btxt _2rdacontent |
||
| 337 |
_aunmediated _bn _2rdamedia |
||
| 338 |
_avolume _bnc _2rdacarrier |
||
| 500 | _aIncludes index. | ||
| 505 | 0 | _aOverview -- Project management growth: concepts and definitions -- Organizational structures -- Organizing and staffing the project office and team -- Management functions -- Communications management -- Conflicts -- Special topics -- The variables for success -- Working with executives -- Planning -- Network scheduling techniques -- Pricing and estimating -- Cost control -- Metrics -- Trade-off analysis in a project environment -- Risk management -- Learning curves -- Contract management -- Quality management -- Modern developments in project management. | |
| 520 |
_a"This Thirteenth Edition of the bestselling "bible" of project management maintains the streamlined approach of prior editions and continues to align with PMI's Project Management Body of Knowledge (PMBOK). New content has been added to this edition on project health checks; growth of strategic project management; business models; Lean project management; artificial intelligence; growth of new metrics and KPIs and much more"-- _cProvided by publisher. |
||
| 650 | 0 | _aProject management. | |
| 650 | 0 |
_aProject management _vCase studies. |
|
| 655 | 7 |
_aCase studies. _2lcgft _0https://id.loc.gov/authorities/genreForms/gf2017026140 |
|
| 776 | 0 | 8 |
_iOnline version: _aKerzner, Harold. _tProject management _bThirteenth edition. _dHoboken, New Jersey : Wiley, 2022 _z9781119805397 _w(DLC) 2021045227 |
| 906 |
_a7 _bcbc _corignew _d1 _eecip _f20 _gy-gencatlg |
||
| 942 |
_2ddc _cBK _e23 _h658.404 _iK479p _kENG _m2022 _n0 |
||
| 999 |
_c29887 _d29887 |
||